书目信息 |
| 题名: |
面向新时代的中国月季产业
|
|
| 作者: | 赵梁军 主编 | |
| 分册: | ||
| 出版信息: | 北京 中国林业出版社 2019 |
|
| 页数: | 154页 | |
| 开本: | 29cm | |
| 丛书名: | ||
| 单 册: | ||
| 中图分类: | F326.13 , F326 | |
| 科图分类: | ||
| 主题词: | 月季--产业发展--中国--文集 | |
| 电子资源: | ||
| ISBN: | 978-7-5038-9945-4 | |
| 000 | 00978nam0 2200253 450 | |
| 001 | 2363373668 | |
| 005 | 20231102173731.86 | |
| 010 | @a978-7-5038-9945-4@dCNY68.00 | |
| 100 | @a20190508d2019 em y0chiy50 ea | |
| 101 | 0 | @achi@deng |
| 102 | @aCN@b110000 | |
| 105 | @aa az 000yy | |
| 200 | 1 | @a面向新时代的中国月季产业@9mian xiang xin shi dai de zhong guo yue ji chan ye@e首届中国月季产业高峰论坛论文集@f赵梁军主编 |
| 210 | @a北京@c中国林业出版社@d2019 | |
| 215 | @a154页@c图@d29cm | |
| 320 | @a有书目 | |
| 330 | @a本书为中国首届月季产业高峰论坛所收集的论文集,收录了《国内外月季产业发展现状与展望》《中国花卉产业发展现状和对策建议》《中国农业大学月季研究进展》等文章。 | |
| 517 | 1 | @a首届中国月季产业高峰论坛论文集@9shou jie zhong guo yue ji chan ye gao feng lun tan lun wen ji |
| 606 | 0 | @a月季@x产业发展@y中国@j文集 |
| 690 | @aF326.13@v5 | |
| 690 | @aF326@v4 | |
| 701 | 0 | @a赵梁军@9Zhao Liang Jun@4主编 |
| 801 | 0 | @aCN@b91MARC@c20190508 |
| 905 | @aBZT@dF326@e1 | |
| 面向新时代的中国月季产业:首届中国月季产业高峰论坛论文集/赵梁军主编.-北京:中国林业出版社,2019 |
| 154页:图;29cm |
| ISBN 978-7-5038-9945-4:CNY68.00 |
| 本书为中国首届月季产业高峰论坛所收集的论文集,收录了《国内外月季产业发展现状与展望》《中国花卉产业发展现状和对策建议》《中国农业大学月季研究进展》等文章。 |
| ● |
| 相关链接 |
|
|
|
正题名:面向新时代的中国月季产业
索取号:F326/1
 
预约/预借
| 序号 | 登录号 | 条形码 | 馆藏地/架位号 | 状态 | 备注 |
| 1 | 2000977224 | 2000977224 | 中教、安徽混合/山东中教(第一批)/45/ [索取号:F326/1] | 在馆 | |
| 2 | 2000977225 | 2000977225 | 中教、安徽混合/山东中教(第一批)/45/ [索取号:F326/1] | 在馆 | |
| 3 | 2000977226 | 2000977226 | 中教、安徽混合/山东中教(第一批)/45/ [索取号:F326/1] | 在馆 | |
| 4 | 2000977227 | 2000977227 | 中教、安徽混合/山东中教(第一批)/45/ [索取号:F326/1] | 在馆 | |
| 5 | 2000977228 | 2000977228 | 中教、安徽混合/山东中教(第一批)/45/ [索取号:F326/1] | 在馆 | |
| 6 | 2000977229 | 2000977229 | 中教、安徽混合/山东中教(第一批)/45/ [索取号:F326/1] | 在馆 |